| 000 | 00537cam a2200181 4500500 | ||
|---|---|---|---|
| 005 | 20260405000745.0 | ||
| 041 | _afre | ||
| 042 | _adc | ||
| 100 | 1 | 0 |
_aEltchaninoff, Michel _eauthor |
| 245 | 0 | 0 | _aLe courage aujourd’hui |
| 260 | _c2009. | ||
| 500 | _a41 | ||
| 690 | _aAndré Gorz | ||
| 690 | _acourage | ||
| 690 | _aJan Patocka | ||
| 786 | 0 | _nPhilosophie magazine | 29 | 5 | 2009-05-01 | p. 29-29 | 1951-1787 | |
| 856 | 4 | 1 | _uhttps://shs.cairn.info/magazine-philosophie-magazine-2009-5-page-29?lang=fr&redirect-ssocas=7080 |
| 999 |
_c2040519 _d2040519 |
||